Norway County Flag Quiz - Statistics

General Stats
  • This quiz has been taken 41 times
  • The average score is 10 of 15
Answer Stats
Picture Answer % Correct
Oslo
89%
Nordland
78%
Innlandet
72%
Trøndelag
72%
Agder
67%
Akershus
67%
Buskerud
67%
Finnmark
67%
Østfold
67%
Vestfold
67%
Rogaland
61%
Telemark
61%
Troms
61%
Vestland
61%
Møre og Romsdal
50%
No matching quizzes found
Score Distribution
Percent of People with Each Score
Percentile by Number Answered
Your Score History
You have not taken this quiz